| 000 | 00986cam a2200289 4500 | ||
|---|---|---|---|
| 001 | M2055 | ||
| 008 | 090401t1996 xxu||||| |||| 00| 0 eng d | ||
| 035 | _a(Sirsi) u36254 | ||
| 041 | _aeng | ||
| 050 | _a333.332 | ||
| 090 | _aRICS 1996/14ABCDE | ||
| 110 |
_aRoyal Institution of Chartered Surveyors _94900 |
||
| 245 | _aInvestment valuation developments from the Mallinson Report : survey of valuation methodology : executive summary. | ||
| 260 |
_aLondon _bRICS _c1996 |
||
| 300 | _a(2)p. ; 30cm. | ||
| 350 | _a0 | ||
| 520 | _aInitial results of a questionnaire sent by RICS on Discounted Cash Flow. Full report available from the Department of Land Management and Development, Reading University. | ||
| 650 | _aALL RISKS YIELD | ||
| 650 | _aDISCOUNTED CASH FLOW | ||
| 650 | _aINVESTMENT VALUATION | ||
| 650 | _aMALLINSON REPORT | ||
| 650 | _aVALUATION METHODS | ||
| 650 |
_aValuation _96273 |
||
| 690 | _aRATING AND VALUATION | ||
| 942 | _n0 | ||
| 948 | _c04/03/1997 | ||
| 999 |
_c90231 _d90231 |
||